Welcome to CU Library Online Public Access Catalogue (OPAC)

Human Anatomy & Physiology/ (Record no. 2257)

MARC details
000 -LEADER
fixed length control field 00585nam a22001817a 4500
005 - DATE AND TIME OF LATEST TRANSACTION
control field 20241215120302.0
008 - FIXED-LENGTH DATA ELEMENTS--GENERAL INFORMATION
fixed length control field 241215b |||||||| |||| 00| 0 eng d
020 ## - INTERNATIONAL STANDARD BOOK NUMBER
International Standard Book Number 9780321602619
050 ## - LIBRARY OF CONGRESS CALL NUMBER
Classification number QP31.2
Item number .M36
100 ## - MAIN ENTRY--PERSONAL NAME
Personal name Marieb, Elaine N.
245 ## - TITLE STATEMENT
Title Human Anatomy & Physiology/
Statement of responsibility, etc. Elaine N. Marieb & Katja Hoehn
250 ## - EDITION STATEMENT
Edition statement 8th ed.
Remainder of edition statement Pearson International Edition
260 ## - PUBLICATION, DISTRIBUTION, ETC.
Place of publication, distribution, etc. San Francisco
Name of publisher, distributor, etc. Benjamin Cummings/ Pearson Education
Date of publication, distribution, etc. 2010
300 ## - PHYSICAL DESCRIPTION
Extent xxxii. various paging
Other physical details ill. color
Dimensions 28cm
500 ## - GENERAL NOTE
General note includes index
700 ## - ADDED ENTRY--PERSONAL NAME
Personal name Hoehn, Katja
942 ## - ADDED ENTRY ELEMENTS (KOHA)
Source of classification or shelving scheme Library of Congress Classification
Koha item type Books
Edition 8th ed.
Suppress in OPAC No
999 ## -
-- 2257
-- 2257
Holdings
Withdrawn status Lost status Source of classification or shelving scheme Damaged status Not for loan Collection Home library Current library Shelving location Date acquired Total checkouts Full call number Barcode Date last seen Copy number Price effective from Koha item type
    Library of Congress Classification     Non-fiction Science Library (Miotso) Science Library (Miotso) General stacks 12/15/2024   QP31.2 .M36 MAR SLM00001518 12/15/2024 1 12/15/2024 Books
© 2023-2024 Copyright: Central University Libraries. All Rights Reserved | Created by: Mahone Tech Office